000 00823nam a2200193 i 4500
001 172434
003 ES-MaACL
005 20230906214919.0
008 090706s1955 sp |||| | spa d
080 _a(038)=133.1=161.1
100 1 _aShcherba, Lev Vladimirovich.
_9140965
245 1 0 _aRussko-frantsuzskii slovar /
_csostavili akad L.V. Shcherba i M.I. Matusevich ; pod obshchei redaktsiei L.V. Shcherby.
250 _a4e izd. ispravlennoe i dopolnennoe / pod redaktsiei D.V. Sezemana.
260 _aMoskva :
_bGosudarstvennoe Izdatelstvo Inostrannyj i Natzionalnyj Slovarei,
_c1955.
300 _a784 p. ;
_c27 cm.
650 4 _aLengua rusa-
_xDiccionarios-
_xFrancés.
_9136371
700 1 _aMatusevich, Margarita Ivanovna.
_9140966
852 _aES-MaACL
_jE-12751
_9R.143385
_z.- Biblioteca Jacinto Martínez Lacalle
999 _c172434
_d172434